Managing noise and vibration at work : a practical guide to assessment, measurement and control / (Record no. 8346)

MARC details
000 -LEADER
fixed length control field 00966nac a22002411u 4500
020 ## - INTERNATIONAL STANDARD BOOK NUMBER
International Standard Book Number 0750663421 :
082 ## - DEWEY DECIMAL CLASSIFICATION NUMBER
Classification number 363.74622
Item number SOU
090 ## - LOCALLY ASSIGNED LC-TYPE CALL NUMBER (OCLC); LOCAL CALL NUMBER (OCLC)
-- 8346
-- 8346
100 ## - MAIN ENTRY--PERSONAL NAME
Personal name South, Tim
245 ## - TITLE STATEMENT
Title Managing noise and vibration at work : a practical guide to assessment, measurement and control /
Remainder of title a practical guide to assessment, measurement and control /
Statement of responsibility, etc Tim South.
260 ## - PUBLICATION, DISTRIBUTION, ETC. (IMPRINT)
Place of publication, distribution, etc Oxford :
Name of publisher, distributor, etc Elsevier Butterworth Heinemann, 2004.
Date of publication, distribution, etc c2004.
300 ## - PHYSICAL DESCRIPTION
Extent ix, 268 p. :
Other physical details ill. ;
Dimensions 24 cm.
500 ## - GENERAL NOTE
General note Distributer: Al-Ahram
504 ## - BIBLIOGRAPHY, ETC. NOTE
Bibliography, etc Includes bibliographical references and index.
511 ## - PARTICIPANT OR PERFORMER NOTE
Participant or performer note Catalogued by: Sara
650 ## - SUBJECT ADDED ENTRY--TOPICAL TERM
Topical term or geographic name as entry element Noise control
650 ## - SUBJECT ADDED ENTRY--TOPICAL TERM
Topical term or geographic name as entry element Vibration syndrome--Prevention
650 ## - SUBJECT ADDED ENTRY--TOPICAL TERM
Topical term or geographic name as entry element Noise, Occupational
650 ## - SUBJECT ADDED ENTRY--TOPICAL TERM
Topical term or geographic name as entry element Noise, Occupational--prevention & control
650 ## - SUBJECT ADDED ENTRY--TOPICAL TERM
Topical term or geographic name as entry element Vibration--adverse effects
650 ## - SUBJECT ADDED ENTRY--TOPICAL TERM
Topical term or geographic name as entry element Occupational Diseases--prevention & control
942 ## - ADDED ENTRY ELEMENTS (KOHA)
Item type Book - Borrowing
Call number prefix 363.74622SOU
Holdings
Withdrawn status Item status Damaged status Not for loan Home library Current library Shelving location Date acquired Source of acquisition Total Checkouts Full call number Barcode Date last seen Koha item type
        Central Library Central Library First floor 04/03/2008 Purchase   363.74622SOU 000010141 15/07/2025 Book - Borrowing